书目信息 |
| 题名: |
鲁迅小说插图
|
|
| 作者: | 丁聪 绘 | |
| 分册: | ||
| 出版信息: | 北京 人民美术出版社 1978 |
|
| 页数: | 33幅 | |
| 开本: | 20cm | |
| 丛书名: | ||
| 单 册: | ||
| 中图分类: | J228.5 , J223.5 | |
| 科图分类: | ||
| 主题词: | 插图--中国--现代--画册 | |
| 电子资源: | ||
| ISBN: | ||
| 000 | 00591nam0 2200229 45 | |
| 001 | 1556324040 | |
| 005 | 20150131153938.93 | |
| 010 | @dCNY0.52 | |
| 091 | @aCN@b8027.6959 | |
| 100 | @a19950721d1978 em y0chiy0121 ea | |
| 101 | 0 | @achi |
| 102 | @aCN@b110000 | |
| 105 | @aa z 000yy | |
| 200 | 10 | @a鲁迅小说插图@Alu xun xiao shuo cha tu@f丁聪绘 |
| 210 | @a北京@c人民美术出版社@d1978 | |
| 215 | @a33幅@d20cm | |
| 606 | @a插图@y中国@z现代@x画册 | |
| 690 | @aJ228.5@v3 | |
| 690 | @aJ223.5@v4 | |
| 701 | 0 | @a丁聪@Ading cong@4绘 |
| 801 | 0 | @aCN@bTSSF@c20150131 |
| 905 | @aZUCC@dJ223.5@eJY4 | |
| 鲁迅小说插图/丁聪绘.-北京:人民美术出版社,1978 |
| 33幅;20cm |
| ISBN :CNY0.52 |
| ● |
| 相关链接 |
|
|
|
|
正题名:鲁迅小说插图
索取号:J223.5/JY4
 
预约/预借
| 序号 | 登录号 | 条形码 | 馆藏地/架位号 | 状态 | 备注 |
| 1 | 7861694 | 278616945 | 学院路分馆/ [索取号:J223.5/JY4] | 在馆 | |
| 2 | 7861695 | 278616954 | 学院路分馆/ [索取号:J223.5/JY4] | 在馆 |